000
00229nam a22000857a 4500
008
160706b xxu||||| |||| 00| 0 eng d
100
_9
2362
_a
Meyers, J
245
_a
Question & Answer Book
260
_a
New York
_b
Playmore
_c
MCMLXXXVIII
999
_c
2039
_d
2039